000 00447nab a2200145Ia 4500
003 ES-SlBCS
005 20210601132243.0
008 140529s2005 xxu||||| |||| 00| 0 ita d
041 _aita
100 1 _aSeminara, Paolo
_960929
245 0 0 _aIl contributo della bioetica al dibattito sui rapporti tra scienze e fede
_c Paolo Seminara
650 0 4 _aBioética
_92553
773 0 _tAquinas
_gvol. 48, nº. 3, 2005, págs. 457-466
_wRev52
942 _cAR
999 _c576756
_d576756